000 00589nam a2200205Ia 4500
005 20250923144635.0
008 008 250917s9999 xx 000 0 eng d
037 _aTextual
040 _aDSWL
_beng
_cDSWL
041 _aeng
_2eng
084 _aY1:4:6Y7, J61
_qDSWL
100 _aHamilton, Gorden
_9826903
245 0 _aTheory and practice of social case work
_cby Gorden Hamilton
260 _aColumbia
_bUniversity Press
_c1956
300 _avii,328p.
365 _aUSD
_b4
925 _g4
942 _cTEXL
_hY1:4:6Y7, J61
999 _c1441520
_d1441520